[Event "GRE-chT Online Rapid op 1st"]
[Site "Tornelo INT"]
[Date "2021.02.21"]
[Round "8.16"]
[White "Kazantzidis, Panagiotis"]
[Black "Laboudis, Loukas"]
[Result "1-0"]
[WhiteElo "2015"]
[BlackElo "1822"]
[PlyCount "39"]
[EventDate "2021.02.20"]
[EventType "team-swiss (rapid)"]
[EventRounds "9"]
[EventCountry "GRE"]
[SourceTitle "EXT 2023"]
[Source "ChessBase"]
[SourceDate "2022.10.05"]
[SourceVersion "1"]
[SourceVersionDate "2022.10.05"]
[SourceQuality "1"]

1. d4 e6 2. c4 b6 3. Nc3 Bb7 4. e4 Bb4 5. Bd3 f5 6. Qc2 Nf6 7. f3 Bxc3+ 8. bxc3 fxe4 9. Be2 0-0 10. Bg5 exf3 11. Bxf3 Bxf3 12. Nxf3 d6 13. 0-0 Nc6 14. Rae1 Qd7 15. Bxf6 Rxf6 16. Ng5 Rxf1+ 17. Rxf1 g6 18. Rf7 Qxf7 19. Nxf7 Kxf7 20. Qe4 1-0

[Event "GRE-chT Online Rapid op 1st"]
[Site "Tornelo INT"]
[Date "2021.02.20"]
[Round "3.30"]
[White "Laboudis, Loukas"]
[Black "Pletsias, Dimitrios"]
[Result "0-1"]
[WhiteElo "1822"]
[BlackElo "1067"]
[PlyCount "76"]
[EventDate "2021.02.20"]
[EventType "team-swiss (rapid)"]
[EventRounds "9"]
[EventCountry "GRE"]
[SourceTitle "EXT 2023"]
[Source "ChessBase"]
[SourceDate "2022.10.05"]
[SourceVersion "1"]
[SourceVersionDate "2022.10.05"]
[SourceQuality "1"]

1. e4 c5 2. Nc3 d6 3. Nge2 Nf6 4. g3 g6 5. Bg2 Bg7 6. 0-0 0-0 7. d3 Nc6 8. h3 Bd7 9. Be3 Qc8 10. Kh2 a6 11. Qd2 b5 12. Bh6 e6 13. Bxg7 Kxg7 14. f4 Qc7 15. d4 cxd4 16. Nxd4 Rac8 17. Rac1 Nxd4 18. Qxd4 e5 19. fxe5 dxe5 20. Qf2 Nh5 21. Nd5 Qc5 22. Qxc5 Rxc5 23. g4 Nf4 24. Nxf4 exf4 25. Rxf4 Rfc8 26. Rf2 b4 27. Bf1 a5 28. Bd3 h5 29. Rcf1 Be6 30. Kg3 hxg4 31. hxg4 Rg5 32. Rf4 Rh8 33. b3 Rc5 34. R1f2 g5 35. Rf6 Rh4 36. Bc4 Rxg4+ 37. Kh2 Rc8 38. Bxe6 Rh8+ 0-1

[Event "GRE-chT Online Rapid op 1st"]
[Site "Tornelo INT"]
[Date "2021.02.20"]
[Round "4.26"]
[White "Papakyriakou, Charalampos"]
[Black "Laboudis, Loukas"]
[Result "1-0"]
[WhiteElo "1179"]
[BlackElo "1822"]
[PlyCount "55"]
[EventDate "2021.02.20"]
[EventType "team-swiss (rapid)"]
[EventRounds "9"]
[EventCountry "GRE"]
[SourceTitle "EXT 2023"]
[Source "ChessBase"]
[SourceDate "2022.10.05"]
[SourceVersion "1"]
[SourceVersionDate "2022.10.05"]
[SourceQuality "1"]

1. e4 e6 2. d4 d5 3. exd5 exd5 4. Bd3 c5 5. c3 Nf6 6. Nf3 c4 7. Bc2 Bd6 8. 0-0 0-0 9. Bg5 h6 10. Bh4 Be6 11. Ne5 Nc6 12. Re1 g5 13. Bg3 Re8 14. Nd2 Bf8 15. Nxc6 bxc6 16. Be5 Bg7 17. h3 Qd7 18. Bxf6 Bxf6 19. Qh5 Bg7 20. Nf3 Bf5 21. Rxe8+ Rxe8 22. Bxf5 Qxf5 23. Nh4 Qc2 24. Nf3 Qxb2 25. Rf1 Qxc3 26. Rb1 Re7 27. Rb8+ Kh7 28. Nxg5# 1-0

[Event "Crete-chT"]
[Site "Crete"]
[Date "2018.04.29"]
[Round "7.19"]
[White "Aggeletos, Marios"]
[Black "Laboudis, Loukas"]
[Result "0-1"]
[WhiteElo "1748"]
[BlackElo "1821"]
[PlyCount "68"]
[EventDate "2018.04.09"]
[EventType "team-tourn"]
[EventRounds "7"]
[EventCountry "GRE"]
[SourceTitle "EXT 2019"]
[Source "ChessBase"]
[SourceDate "2018.10.10"]
[SourceVersion "1"]
[SourceVersionDate "2018.10.10"]
[SourceQuality "1"]

1. d4 e6 2. c4 f5 3. Nf3 Nf6 4. Nc3 c6 5. Bf4 d6 6. e3 Nbd7 7. Bd3 Qe7 8. e4 e5 9. Bg5 exd4 10. Nxd4 fxe4 11. Bc2 Qe5 12. Bh4 Nc5 13. 0-0 Ne6 14. Nxe6 Bxe6 15. Bxf6 gxf6 16. Bxe4 0-0-0 17. Re1 Bd7 18. Bxc6 Bxc6 19. Rxe5 dxe5 20. Nd5 h5 21. Qf3 Bc5 22. Qf5+ Kb8 23. Qxf6 Bd4 24. Ne3 Rhf8 25. Qh6 Rh8 26. Qe6 Rhe8 27. Qh3 Rg8 28. g3 Bxe3 29. fxe3 Bf3 30. Rf1 e4 31. Rxf3 exf3 32. Qxh5 Rgf8 33. Qe5+ Ka8 34. Qc3 f2+ 0-1